|
|
|
|
| LEADER |
01069nam a22002652a 4500 |
| 001 |
000288702 |
| 003 |
CZ BrMZK |
| 005 |
20140828083925.0 |
| 008 |
980105s1956 xr a f cze d |
| 015 |
|
|
|a cnb000726031
|
| 035 |
|
|
|a (OCoLC)85458553
|
| 040 |
|
|
|a ABA001
|b cze
|c OSA001
|d ABA001
|
| 041 |
1 |
|
|a cze
|h ger
|
| 100 |
1 |
|
|a Brecht, Bertolt,
|d 1898-1956
|7 jn19990001059
|4 aut
|
| 245 |
1 |
0 |
|a Budoucím /
|c báseň Bertolta Brechta v překladu Ludvíka Kundery [z něm. An die Nachgeborenen] ; Kr. Viléma Reichmanna a karikatura Andrzeje Stopky
|
| 260 |
|
|
|a Brno :
|b Dům umění,
|c 1956
|
| 300 |
|
|
|a [3] s. ;
|c 8°
|
| 490 |
1 |
|
|a Edice příležitostných tisků Domu umění ;
|v sv. 2
|
| 500 |
|
|
|a Vyd. Kraj. výbor obránců míru v Brně k večeru Bertolta Brechta (1898-1956) v září 1956
|
| 710 |
2 |
|
|a Kraj. výbor obránců míru (Brno)
|
| 830 |
|
0 |
|a Edice příležitostných tisků Domu umění
|
| 910 |
|
|
|a BOA001
|b X-0385.673
|
| 990 |
|
|
|a BK
|
| 991 |
|
|
|b 201408
|
| 996 |
6 |
|
|b 2619862555
|c X-0385.673
|l MZK
|r Sklad / do 24 hodin
|n 8
|w 000288702
|u 000010
|a 1
|e BOA001
|j MZK50
|s P
|